000 02463nmm a2200313 a 4500
001 045188
003 UAHC_CL
005 20260410105103.0
008 260410s2024 cl o d 000 spa
040 _aUAHC_CL
_cUAHC_CL
_dUAHC_CL
100 _aLira Goldenberg, María José
_923253
245 1 3 _aLa práctica de un oficio como forma de resistencia :
_bla cestería en quilineja de Chiloé
_cMaría José Lira Goldenberg ; profesora guía Milena Gallardo Villegas.
264 _aSantiago, Chile :
_bUniversidad Academia de Humanismo Cristiano,
_c2024.
300 _a109 páginas.
500 _aTesis para optar al Grado de Magíster en Arte Popular Latinoamericano.
502 _aTesis (Magíster en Arte Popular y Latinoamericano)--Universidad Academia de Humanismo Cristiano, 2024.
516 _aTesis electrónica (PDF). Solicitar envío de documento a biblioteca@academia.cl.
520 _aEn un mundo dominado por el modelo económico capitalista, los oficios artesanales como la cestería representan mucho más que simples prácticas productivas: son actos de resistencia cultural, política y social. La quilineja, en particular, cobra vida entre las manos de quienes tejen; su flexibilidad, resistencia y carga histórica conectan tradiciones ancestrales con un discurso crítico hacia las dinámicas de producción industrial. Este tejido artesanal, moldeado con técnicas heredadas, no solo constituye un patrimonio inmaterial, sino también un vehículo de identidad y memoria, capaz de cuestionar las lógicas del capitalismo y proponer una alternativa de conexión con la naturaleza y la comunidad, como otra forma de vida posible. Esta investigación analiza el valor simbólico, material y sociopolítico de la cestería en quilineja, explorando su potencial como práctica de resistencia cultural frente al sistema económico actual. A través de esta técnica artesanal, se busca reflexionar sobre cómo preserva tradiciones ancestrales al tiempo que ofrece un discurso crítico y una herramienta cultural que dialoga con los desafíos contemporáneos.
650 0 _aArtesanía natural
_98820
650 0 _aPatrimonio cultural inmaterial
_923255
653 _aArtes tradicionales
653 _aResistencia cultural
653 _aCestería en quilineja
653 _aTejido artesanal
653 _aSaberes tradicionales
700 _aGallardo Villegas, Milena
_96208
_eprofesora guía
900 _aTMAPL 12
942 _cTS
_2ddc
999 _c63580
_d63580